000
00239 a2200097 4500
001
8986
100
_a
Jessel G
245
_a
the toastmaster General Guide to successful Public speeking
260
_a
_b
csstle books
_c
090
_c
7174
_d
7174
942
_a
NUST-CAE
_c
M
_c
33794
999
_c
244059
_d
244059